000 00547nam a2200181Ia 4500
003 IN-BaIIA
008 211028s9999 xx 000 0 eng d
020 _a0-85229-466-2
040 _cIIA Library
080 _a058:5
_bENB-87
110 _aEncyclopedia Britannica
_910946
245 0 _aEncyclopaedia Britannica
_b1987 book of the year
_cEncyclopedia Britannica
260 _aChicago
_bEncyclopaedia Britannica
_c1987
300 _a958p.
650 _aAstronomy and Astrophysics Thesaurus
650 _aEncyclopedia-Year books
_93952
942 _cBK
999 _c9108
_d9108